000 00310pam a2200145 a 4500
020 _c
041 _aeng
082 _a620.8
_bELY
100 _aEllyn Daugherty .
245 _aBiotechnology
_hTextual Documents
250 _a2008.
260 _a[s.l]:
_bCBS PUB Distr
300 _a420 pg .
930 _a9374
999 _c86279
_d86279